Welcome to CU Library Online Public Access Catalogue (OPAC)

The theology of Paul the Apostle / (Record no. 3928)

MARC details
000 -LEADER
fixed length control field 00511cam a2200169 a 4500
001 - CONTROL NUMBER
control field 2125123
005 - DATE AND TIME OF LATEST TRANSACTION
control field 20250218115833.0
008 - FIXED-LENGTH DATA ELEMENTS--GENERAL INFORMATION
fixed length control field 970603s1998 miu b 001 0deng
020 ## - INTERNATIONAL STANDARD BOOK NUMBER
International Standard Book Number 0802838448 (cloth : alk. paper)
050 00 - LIBRARY OF CONGRESS CALL NUMBER
Classification number BS2651
Item number .D84 1998
082 00 - DEWEY DECIMAL CLASSIFICATION NUMBER
Classification number 227/.092
Edition information 21
100 1# - MAIN ENTRY--PERSONAL NAME
Personal name Dunn, James D. G.,
Dates associated with a name 1939-
245 14 - TITLE STATEMENT
Title The theology of Paul the Apostle /
Statement of responsibility, etc. James D.G. Dunn.
260 ## - PUBLICATION, DISTRIBUTION, ETC.
Place of publication, distribution, etc. Grand Rapids, Mich. :
Name of publisher, distributor, etc. W.B. Eerdmans Pub.,
Date of publication, distribution, etc. c1998.
300 ## - PHYSICAL DESCRIPTION
Extent xxxvi, 808 p. ;
Dimensions 24 cm.
942 ## - ADDED ENTRY ELEMENTS (KOHA)
Source of classification or shelving scheme Library of Congress Classification
Koha item type Books
Suppress in OPAC No
999 ## -
-- 3928
-- 3928
Holdings
Withdrawn status Lost status Source of classification or shelving scheme Damaged status Not for loan Collection Home library Current library Shelving location Date acquired Total checkouts Full call number Barcode Date last seen Copy number Price effective from Koha item type
    Library of Congress Classification     Non-fiction Graduate Library (Christ Temple) Graduate Library (Christ Temple) General stacks 02/18/2025   BS 2651 DUN GSCT00000511 02/18/2025 1 02/18/2025 Books
© 2023-2024 Copyright: Central University Libraries. All Rights Reserved | Created by: Mahone Tech Office